Ekonomické programy politických stran. 2.

Odpoveď Československej sociálnej demokracie (ČSSD), Občianskej demokratickej aliancie (ODA), Demokratickej strany (DS), a Strany demokratickej ľavice (SDĽ) na anketovú otázku "S akým ekonomickým programom vstupujete do volieb 1992".

Na minha lista:
Detalhes bibliográficos
Formato: Capítulo de Livro
Idioma:tcheco
Assuntos:
Tags: Adicionar Tag
Sem tags, seja o primeiro a adicionar uma tag!

MARC

LEADER 00000naa a2200000 4500
001 r007459
005 20220831083617.0
041 0 |a cze 
044 |a [CS] 
245 1 0 |a Ekonomické programy politických stran. 2. 
520 |a Odpoveď Československej sociálnej demokracie (ČSSD), Občianskej demokratickej aliancie (ODA), Demokratickej strany (DS), a Strany demokratickej ľavice (SDĽ) na anketovú otázku "S akým ekonomickým programom vstupujete do volieb 1992". 
610 2 0 |a politika hospodárska 
610 2 0 |a strany politické 
610 2 0 |a ČSFR 
610 2 0 |a 1992